2020s TV Series Characters - Statistics

General Stats
  • This quiz has been taken 55 times
    11 since last reset
  • The average score is 6 of 30
Answer Stats
Hint Answer % Correct
Rhaenyra Targaryen House of Dragon
57%
Morticia Addams Wednesday
57%
Aang Avatar: The Last Airbender
43%
Jonathan Kent Superman & Lois
43%
Beth Harmon The Queen's Gambit
43%
Wanda Maximoff WandaVision
43%
Elsa Dutton 1883
29%
Harrison Morgan Dexter: New Blood
29%
Valya Harkonnen Dune: Prophecy
29%
Jamie Tartt Ted Lasso
29%
Homelander The Boys
29%
Joel Miller The Last of Us
29%
Sofia Falcone The Penguin
29%
Galadriel The Rings of Power
29%
Geralt of Rivia The Witcher
29%
Marissa Wiegler Hanna
14%
Sarah Cameron Outer Banks
14%
Din Djarin The Mandalorian
14%
Esther Shapiro Unorthodox
14%
Bix Caleen Andor
0%
Jenny Hoyt Big Sky
0%
Honey Chandler Bosch: Legacy
0%
Lucy MacLean Fallout
0%
Gaal Dornick Foundation
0%
Alex Russell Maid
0%
Mark S. Severance
0%
Alina Starkov Shadow and Bone
0%
Jod Na Nawood Star Wars: Skeleton Crew
0%
Bradley Jackson The Morning Show
0%
Moiraine Damodred The Wheel of Time
0%
No matching quizzes found
Score Distribution
Percent of People with Each Score
Percentile by Number Answered
Your Score History
You have not taken this quiz since the last reset